MARC

LEADER 00000nam0a2200000 4500
001 329410
005 20231102004146.0
035 |a (RuTPU)RU\TPU\book\355170 
090 |a 329410 
100 |a 20170314d1929 k y0rusy50 ca 
101 0 |a rus  |a fre 
102 |a RU 
105 |a a z 001zy 
200 1 |a Геологические обоснования к проекту Убинской гидросиловой установки в Рудном Алтае  |f В. П. Нехорошев, Е. И. Около-Кулак, Н. В. Бобков  |g СССР, Геологический комитет (Геолком) 
210 |a Ленинград  |c Издание Геологического комитета  |d 1929 
215 |a 116 с.  |c ил.  |e 1 карта, 18 табл. 
225 1 |a Материалы по общей и прикладной геологии  |v Вып. 139 
225 1 |a Серия работ по гидрогеологии  |v № 6 
320 |a Библиогр. в тексте 
606 1 |a Геология  |y Западная Сибирь  |2 stltpush  |3 (RuTPU)RU\TPU\subj\70290  |9 84644 
610 1 |a Убинская гидросиловая установка 
610 1 |a геологические исследования 
610 1 |a Рудный Алтай 
610 1 |a геологоразведочные работы 
610 1 |a инженерно-геологическая оценка 
610 1 |a библиотека М. А. Усова 
675 |a 55(571.1)  |v 4 
700 1 |a Нехорошев  |b В. П.  |c российский геолог  |c сотрудник Геолкома  |f 1893-1977  |g Василий Петрович  |2 stltpush  |3 (RuTPU)RU\TPU\pers\34835  |9 18172 
701 1 |a Около-Кулак  |b Е. И. 
701 1 |a Бобков  |b Н. В. 
712 0 1 |a СССР  |b Геологический комитет (Геолком)  |c (1922-1930)  |2 stltpush  |3 (RuTPU)RU\TPU\col\18484 
801 1 |a RU  |b 63413507  |c 20170314 
801 2 |a RU  |b 63413507  |c 20190126  |g RCR 
942 |c BK